| 000 | 00634nam a2200181Ia 4500 | ||
|---|---|---|---|
| 008 | 240729s9999 xx 000 0 und d | ||
| 022 | _a2515-3080 | ||
| 245 | 0 | _aJournal of the Global Power and Propulsion Society | |
| 260 | _aSwitzerland | ||
| 260 | _bGlobal Power and Propulsion Society | ||
| 650 | _a Electrical engineering. Electronics. Nuclear engineering | Technology | ||
| 650 | _a Mechanical engineering and machinery | Technology | ||
| 650 | _a Motor vehicles. Aeronautics. Astronautics | ||
| 650 | _aTechnology | ||
| 856 | _uhttps://doaj.org/toc/1974618098ec4ac2ad27db034dc6fa25 | ||
| 942 | _2ddc | ||
| 942 | _cDOAJEJ | ||
| 999 |
_c69652 _d69652 |
||
| 945 |
_a1 _bMadushi Gamage _c1 _dMadushi Gamage |
||